[Event "GER-ch U25 op-A"]
[Site "Oberhof"]
[Date "2013.05.19"]
[Round "1"]
[White "Lansky, Georg"]
[Black "Martin, Raphael"]
[Result "1-0"]
[WhiteElo "1852"]
[BlackElo "1682"]
[PlyCount "59"]
[EventDate "2013.05.19"]
[EventType "swiss"]
[EventRounds "9"]
[EventCountry "GER"]
[SourceTitle "CBM 154 Extra"]
[Source "ChessBase"]
[SourceDate "2013.06.25"]
[SourceVersion "2"]
[SourceVersionDate "2013.06.25"]
[SourceQuality "1"]

1. e4 e5 2. f4 d5 3. exd5 exf4 4. Nf3 Nf6 5. Bc4 Nxd5 6. Bxd5 Qxd5 7. Nc3 Qd8 8. d4 Bb4 9. Qe2+ Be6 10. 0-0 0-0 11. Bxf4 Re8 12. Qb5 Bxc3 13. bxc3 Bd5 14. Bxc7 Bc6 15. Qxc6 Nxc6 16. Bxd8 Raxd8 17. Rae1 Ne7 18. Ng5 f6 19. Ne6 Rc8 20. Nc5 Nd5 21. Nxb7 Nxc3 22. Nd6 Rxe1 23. Rxe1 Rd8 24. Nf5 g6 25. Ne7+ Kf7 26. Nc6 Rd7 27. Kf2 Nb5 28. a4 Nc3 29. a5 Rc7 30. Nd8+ 1-0

[Event "GER-ch U25 op-A"]
[Site "Oberhof"]
[Date "2012.05.27"]
[Round "2"]
[White "Humburg, Philipp"]
[Black "Martin, Raphael"]
[Result "1-0"]
[WhiteElo "1886"]
[BlackElo "1511"]
[PlyCount "118"]
[EventDate "2012.05.27"]
[EventType "swiss"]
[EventRounds "9"]
[EventCountry "GER"]
[SourceTitle "CBM 148 Extra"]
[Source "ChessBase"]
[SourceDate "2012.06.22"]
[SourceVersion "1"]
[SourceVersionDate "2012.06.22"]
[SourceQuality "1"]

1. e4 e5 2. Nf3 Nc6 3. Bb5 a6 4. Ba4 Nf6 5. Qe2 b5 6. Bb3 Be7 7. c3 0-0 8. d3 Na5 9. Bc2 d6 10. 0-0 Bg4 11. h3 Bh5 12. g4 Bg6 13. Nh4 Nd7 14. Nf5 Kh8 15. f4 f6 16. Be3 Rg8 17. Kh1 Nb6 18. b4 Nb7 19. Bb3 Rf8 20. Qf2 c5 21. Nd2 Rc8 22. Nf3 Nd7 23. Bd5 Rc7 24. N3h4 Bf7 25. Nxe7 Qxe7 26. Nf5 Qd8 27. Bxb7 Rxb7 28. Nxd6 Rc7 29. f5 cxb4 30. cxb4 Rc3 31. Qd2 Rc6 32. Nxf7+ Rxf7 33. Rac1 Qc7 34. Rxc6 Qxc6 35. Rc1 Qd6 36. Rc8+ Rf8 37. Qc3 h6 38. Rc6 Qe7 39. Rxa6 Rb8 40. Ra7 Qd6 41. a3 Rd8 42. Rb7 Nf8 43. Bc5 Qc6 44. Rb6 Qd7 45. Qb3 Qxd3 46. Qxd3 Rxd3 47. Bxf8 Rxh3+ 48. Kg2 Rxa3 49. Rxb5 Re3 50. Rb7 Rxe4 51. Bxg7+ Kg8 52. Kf3 Rf4+ 53. Kg3 Rxb4 54. Rxb4 Kxg7 55. Rb7+ Kf8 56. Kh4 e4 57. Kh5 e3 58. Kg6 e2 59. Rb1 Ke7 1-0

[Event "GER-ch U25 op-A"]
[Site "Oberhof"]
[Date "2012.05.27"]
[Round "1"]
[White "Martin, Raphael"]
[Black "Torzinski, Nils"]
[Result "1-0"]
[WhiteElo "1511"]
[BlackElo "1814"]
[PlyCount "97"]
[EventDate "2012.05.27"]
[EventType "swiss"]
[EventRounds "9"]
[EventCountry "GER"]
[SourceTitle "CBM 148 Extra"]
[Source "ChessBase"]
[SourceDate "2012.06.22"]
[SourceVersion "1"]
[SourceVersionDate "2012.06.22"]
[SourceQuality "1"]

1. e4 e5 2. Nf3 Nc6 3. d4 exd4 4. Bc4 Nf6 5. e5 d5 6. Bb5 Ne4 7. Nxd4 Bd7 8. 0-0 Nxe5 9. f3 Bxb5 10. Nxb5 Bc5+ 11. Nd4 Nc6 12. c3 Nf6 13. Re1+ Ne7 14. Be3 0-0 15. Nd2 c6 16. N2b3 Bd6 17. Nd2 Qc7 18. Nf1 Nd7 19. Qc2 Ne5 20. b3 Qd7 21. Ng3 f5 22. Bg5 N5g6 23. Qf2 f4 24. Nf1 c5 25. Nc2 Nf5 26. Rad1 h6 27. Bxh6 Nxh6 28. Rxd5 Nf5 29. Kh1 Qc7 30. Qe2 Rae8 31. Qc4 Kh7 32. Rxe8 Rxe8 33. Rxf5 Ne5 34. Qe4 Kg8 35. Qd5+ Kh7 36. Rxf4 Ng6 37. Rf7 Ne7 38. Qh5+ Kg8 39. Rxg7+ Kxg7 40. Qxe8 Be5 41. c4 Qd6 42. Nce3 Kh7 43. Qh5+ Kg8 44. Qg5+ Kh7 45. Nf5 Nxf5 46. Qxf5+ Kh6 47. h4 Qd4 48. Qe4 Qc3 49. Qe3+ 1-0

[Event "GER-chB U25"]
[Site "Oberhof"]
[Date "2011.06.12"]
[Round "1"]
[White "Martin, Raphael"]
[Black "Holle, Niklas"]
[Result "1-0"]
[WhiteElo "1431"]
[BlackElo "1060"]
[PlyCount "33"]
[EventDate "2011.06.11"]
[EventType "swiss"]
[EventRounds "9"]
[EventCountry "GER"]
[SourceTitle "CBM 142 Extra"]
[Source "ChessBase"]
[SourceDate "2011.06.27"]
[SourceVersion "1"]
[SourceVersionDate "2011.06.27"]
[SourceQuality "1"]

1. e4 e6 2. d4 d5 3. Nd2 dxe4 4. Nxe4 Qd5 5. Nc3 Qc6 6. Bb5 Bb4 7. Bxc6+ Nxc6 8. Nf3 Nf6 9. 0-0 b6 10. a3 Bd6 11. d5 exd5 12. Re1+ Ne7 13. Nxd5 Bb7 14. Nxe7 Bxe7 15. Qe2 0-0 16. Bg5 Bxf3 17. Qxf3 1-0

[Event "GER-ch Net qual1 U18"]
[Site "Playchess.com INT"]
[Date "2011.05.01"]
[Round "5"]
[White "Peter, Laurenz"]
[Black "Martin, Raphael"]
[Result "1-0"]
[WhiteElo "1511"]
[BlackElo "1370"]
[PlyCount "121"]
[EventDate "2011.05.01"]
[EventType "swiss (blitz)"]
[EventRounds "7"]
[EventCountry "GER"]
[SourceTitle "CBM 142 Extra"]
[Source "ChessBase"]
[SourceDate "2011.06.27"]
[SourceVersion "1"]
[SourceVersionDate "2011.06.27"]
[SourceQuality "1"]

1. d4 d5 2. c4 e6 3. Nf3 Nf6 4. g3 c5 5. cxd5 exd5 6. Bg2 cxd4 7. Nxd4 Bb4+ 8. Bd2 Bxd2+ 9. Qxd2 0-0 10. 0-0 Re8 11. Nc3 Be6 12. Nb3 Nc6 13. Rad1 Ne7 14. e3 Qd7 15. Nd4 Red8 16. a3 a6 17. b4 Rac8 18. Rc1 Rc4 19. Na2 Rdc8 20. Rxc4 dxc4 21. Nc3 b5 22. Rd1 Bg4 23. Bf3 Bxf3 24. Nxf3 Rd8 25. Qxd7 Rxd7 26. Rxd7 Nxd7 27. a4 Nb6 28. axb5 axb5 29. Nxb5 Ned5 30. Nd2 Nxb4 31. Kf1 c3 32. Nxc3 Nd3 33. Ke2 Ne5 34. f4 Ng6 35. Kf3 Nd7 36. Nde4 Kf8 37. Nd5 f6 38. Nd6 Ne7 39. Nxe7 Kxe7 40. Nf5+ Kf7 41. e4 g6 42. Nd4 Nc5 43. Ke3 Ne6 44. Nxe6 Kxe6 45. g4 Ke7 46. f5 Kf7 47. Kd4 Kg7 48. Kd5 gxf5 49. exf5 Kh6 50. h4 Kg7 51. Ke6 h6 52. Ke7 h5 53. gxh5 Kh6 54. Kxf6 Kxh5 55. Kf7 Kxh4 56. f6 Kg5 57. Ke7 Kg6 58. f7 Kg5 59. f8Q Kg4 60. Qf6 Kg3 61. Qf5 1-0